<?xml version="1.0" encoding="UTF-8"?>
<record
    xmlns:xsi="http://www.w3.org/2001/XMLSchema-instance"
    xsi:schemaLocation="http://www.loc.gov/MARC21/slim http://www.loc.gov/standards/marcxml/schema/MARC21slim.xsd"
    xmlns="http://www.loc.gov/MARC21/slim">

  <leader>00554nam a22001457a 4500</leader>
  <datafield tag="999" ind1=" " ind2=" ">
    <subfield code="c">4065</subfield>
    <subfield code="d">4065</subfield>
  </datafield>
  <controlfield tag="008">200714b           ||||| |||| 00| 0 eng d</controlfield>
  <datafield tag="041" ind1="0" ind2=" ">
    <subfield code="a">eng</subfield>
  </datafield>
  <datafield tag="082" ind1="0" ind2="0">
    <subfield code="a">621.56 </subfield>
    <subfield code="b">C6971</subfield>
  </datafield>
  <datafield tag="100" ind1=" " ind2=" ">
    <subfield code="9">546</subfield>
    <subfield code="a">Collacott, R. A.</subfield>
  </datafield>
  <datafield tag="245" ind1="1" ind2="0">
    <subfield code="a">Refrigeration : A Description of the principles embodied in modern commercial and domestic refrigerators, with problems and calculations on heat transference /</subfield>
  </datafield>
  <datafield tag="260" ind1=" " ind2=" ">
    <subfield code="a">London :</subfield>
    <subfield code="b">Sir ISAAC Pitman &amp; Sons ltd,</subfield>
    <subfield code="c">1947.</subfield>
  </datafield>
  <datafield tag="300" ind1=" " ind2=" ">
    <subfield code="a">v,69 p.</subfield>
  </datafield>
  <datafield tag="650" ind1=" " ind2="0">
    <subfield code="a">Refrigeration and Refrigerating Machinery</subfield>
  </datafield>
  <datafield tag="942" ind1=" " ind2=" ">
    <subfield code="c">BK</subfield>
  </datafield>
  <datafield tag="952" ind1=" " ind2=" ">
    <subfield code="0">0</subfield>
    <subfield code="1">1</subfield>
    <subfield code="2">ddc</subfield>
    <subfield code="4">0</subfield>
    <subfield code="6">621_560000000000000_C6971</subfield>
    <subfield code="7">0</subfield>
    <subfield code="9">11785</subfield>
    <subfield code="a">CL</subfield>
    <subfield code="b">CL</subfield>
    <subfield code="d">1952-10-22</subfield>
    <subfield code="e">Wheeler </subfield>
    <subfield code="o">621.56  C6971</subfield>
    <subfield code="p">00585</subfield>
    <subfield code="r">2020-07-14</subfield>
    <subfield code="y">BK</subfield>
  </datafield>
  <datafield tag="952" ind1=" " ind2=" ">
    <subfield code="0">0</subfield>
    <subfield code="1">0</subfield>
    <subfield code="2">ddc</subfield>
    <subfield code="4">0</subfield>
    <subfield code="6">621_560000000000000_C6971</subfield>
    <subfield code="7">0</subfield>
    <subfield code="9">11786</subfield>
    <subfield code="a">CL</subfield>
    <subfield code="b">CL</subfield>
    <subfield code="d">1952-10-22</subfield>
    <subfield code="e">Wheeler </subfield>
    <subfield code="o">621.56  C6971</subfield>
    <subfield code="p">00586</subfield>
    <subfield code="r">2020-07-14</subfield>
    <subfield code="y">BK</subfield>
  </datafield>
</record>
